[Event "CAN-op"]
[Site "Edmonton CAN"]
[Date "2009.07.11"]
[Round "1.22"]
[White "Miettinen, Eric"]
[Black "Piasetski, Leon"]
[Result "0-1"]
[WhiteElo "1800"]
[BlackElo "2406"]
[PlyCount "88"]
[GameId "2160767910155691"]
[EventDate "2009.07.11"]
[EventType "swiss"]
[EventRounds "9"]
[EventCountry "CAN"]
[SourceTitle "EXT 2022"]
[Source "ChessBase"]
[SourceDate "2021.10.06"]
[SourceVersion "1"]
[SourceVersionDate "2021.10.06"]
[SourceQuality "1"]

1. Nf3 g6 2. c4 Bg7 3. e4 e5 4. d4 exd4 5. Nxd4 Nc6 6. Nc2 d6 7. Be2 Nge7 8. Nc3 O-O 9. O-O f5 10. exf5 Nxf5 11. Rb1 Kh8 12. Nd5 Nfd4 13. Nce3 Nxe2+ 14. Qxe2 Nd4 15. Qd1 c6 16. Nc3 Qh4 17. Ne2 Be5 18. Ng3 g5 19. b4 Rf6 20. Qh5 Qxh5 21. Nxh5 Ne2+ 22. Kh1 Rh6 23. g4 Nxc1 24. Rfxc1 Bxg4 25. Nxg4 Rxh5 26. Nxe5 dxe5 27. Re1 Rf8 28. Kg2 g4 29. Re4 Rhf5 30. Rb2 h5 31. Rbe2 Re8 32. Rd2 Kg7 33. Rd7+ Rf7 34. Rd6 Rf4 35. Rxf4 exf4 36. Rd7+ Kf6 37. Rxb7 Re1 38. Rxa7 Kg5 39. Ra5+ Kh4 40. f3 Re2+ 41. Kf1 Rxh2 42. fxg4 hxg4 43. b5 f3 44. Ra3 Kg3 0-1

[Event "CAN-op"]
[Site "Edmonton CAN"]
[Date "2009.07.11"]
[Round "1.26"]
[White "Wong, Ford"]
[Black "MacKay, Ian"]
[Result "0-1"]
[WhiteElo "1774"]
[BlackElo "2328"]
[PlyCount "56"]
[GameId "2160767910155695"]
[EventDate "2009.07.11"]
[EventType "swiss"]
[EventRounds "9"]
[EventCountry "CAN"]
[SourceTitle "EXT 2022"]
[Source "ChessBase"]
[SourceDate "2021.10.06"]
[SourceVersion "1"]
[SourceVersionDate "2021.10.06"]
[SourceQuality "1"]

1. d4 c5 2. d5 g6 3. c4 d6 4. Nc3 Bg7 5. e4 a6 6. Bd3 e5 7. dxe6 fxe6 8. Bc2 Nc6 9. Nge2 Nd4 10. Ba4+ Kf7 11. O-O Rb8 12. f4 b5 13. Bb3 b4 14. Na4 Ne7 15. Be3 Nec6 16. e5 Ke8 17. Nxd4 cxd4 18. Bxd4 Nxd4 19. Qxd4 dxe5 20. Qxd8+ Kxd8 21. Rad1+ Ke7 22. fxe5 Bxe5 23. Rfe1 Bc7 24. Rd4 Rf8 25. c5 a5 26. Nb6 Rxb6 27. cxb6 Bxb6 28. Ree4 Rd8 0-1

[Event "CAN-op"]
[Site "Edmonton CAN"]
[Date "2009.07.11"]
[Round "1.27"]
[White "Melekhina, Alisa"]
[Black "MacFie, Bob"]
[Result "1-0"]
[WhiteElo "2270"]
[BlackElo "1768"]
[PlyCount "35"]
[GameId "2160767910155696"]
[EventDate "2009.07.11"]
[EventType "swiss"]
[EventRounds "9"]
[EventCountry "CAN"]
[SourceTitle "EXT 2022"]
[Source "ChessBase"]
[SourceDate "2021.10.06"]
[SourceVersion "1"]
[SourceVersionDate "2021.10.06"]
[SourceQuality "1"]

1. e4 Nc6 2. Nc3 e6 3. g3 d5 4. exd5 exd5 5. Bg2 Nf6 6. d4 Bg4 7. Nge2 Bb4 8. Qd3 Qd7 9. Bg5 Ne4 10. Bxe4 Bxe2 11. Qxe2 O-O 12. Bg2 Rae8 13. Be3 Nxd4 14. Qd3 Nb5 15. O-O Bxc3 16. bxc3 c6 17. c4 Nc7 18. Bc5 1-0

[Event "CAN-op"]
[Site "Edmonton CAN"]
[Date "2009.07.11"]
[Round "1.28"]
[White "Seehagen, Terry"]
[Black "Reeve, Jeff"]
[Result "0-1"]
[WhiteElo "1756"]
[BlackElo "2314"]
[PlyCount "78"]
[GameId "2160767910155697"]
[EventDate "2009.07.11"]
[EventType "swiss"]
[EventRounds "9"]
[EventCountry "CAN"]
[SourceTitle "EXT 2022"]
[Source "ChessBase"]
[SourceDate "2021.10.06"]
[SourceVersion "1"]
[SourceVersionDate "2021.10.06"]
[SourceQuality "1"]

1. e4 c5 2. d4 cxd4 3. c3 Nf6 4. e5 Nd5 5. Nf3 e6 6. cxd4 d6 7. Nc3 Nxc3 8. bxc3 Qc7 9. Qd3 b6 10. Qe3 d5 11. Be2 Nc6 12. O-O Na5 13. Nd2 Bd7 14. Bb2 Be7 15. f4 g6 16. Rac1 b5 17. f5 exf5 18. Qh6 O-O-O 19. Rb1 Qc6 20. Bf3 Be6 21. c4 Nxc4 22. Nxc4 bxc4 23. Bc3 Kd7 24. Rfc1 Rb8 25. Qd2 Rb7 26. Ra1 h5 27. a4 Rhb8 28. a5 Bb4 29. Bd1 Bxc3 30. Qxc3 Rb4 31. Qa3 Qb7 32. Ba4+ Ke7 33. Qe3 Kf8 34. Qh6+ Kg8 35. Bd1 Qe7 36. Ra3 Qh4 37. Rg3 Qxd4+ 38. Kh1 Qxe5 39. Bxh5 Qg7 0-1

[Event "CAN-op"]
[Site "Edmonton CAN"]
[Date "2009.07.11"]
[Round "1.32"]
[White "Asquith, Tom"]
[Black "Haynes, Nicolas"]
[Result "0-1"]
[WhiteElo "1753"]
[BlackElo "2290"]
[PlyCount "64"]
[GameId "2160767910155701"]
[EventDate "2009.07.11"]
[EventType "swiss"]
[EventRounds "9"]
[EventCountry "CAN"]
[SourceTitle "EXT 2022"]
[Source "ChessBase"]
[SourceDate "2021.10.06"]
[SourceVersion "1"]
[SourceVersionDate "2021.10.06"]
[SourceQuality "1"]

1. Nf3 Nf6 2. c4 b6 3. d4 e6 4. a3 Bb7 5. e3 d5 6. Nc3 Be7 7. cxd5 exd5 8. Bd3 O-O 9. O-O c5 10. Re1 Nbd7 11. Bd2 a6 12. e4 dxe4 13. Bxe4 Nxe4 14. Nxe4 cxd4 15. Nxd4 Nc5 16. Nxc5 Bxc5 17. Bc3 Qh4 18. Re3 Rfd8 19. Rd3 Qe4 20. f3 Qg6 21. b4 Be7 22. Qe2 Bf6 23. Rad1 Rdc8 24. Be1 Bd5 25. Rc3 Rd8 26. Rc7 Re8 27. Qf2 Bxd4 28. Rxd4 Bxf3 29. Qxf3 Rxe1+ 30. Kf2 Ree8 31. Rc6 Qb1 32. Rxb6 Qe1# 0-1

[Event "CAN-op"]
[Site "Edmonton CAN"]
[Date "2009.07.11"]
[Round "1.35"]
[White "Gardner, Robert"]
[Black "Fu, James"]
[Result "1-0"]
[WhiteElo "2272"]
[BlackElo "1740"]
[PlyCount "63"]
[GameId "2160767910155703"]
[EventDate "2009.07.11"]
[EventType "swiss"]
[EventRounds "9"]
[EventCountry "CAN"]
[SourceTitle "EXT 2022"]
[Source "ChessBase"]
[SourceDate "2021.10.06"]
[SourceVersion "1"]
[SourceVersionDate "2021.10.06"]
[SourceQuality "1"]

1. d4 Nf6 2. c4 e6 3. Nc3 Bb4 4. f3 d5 5. a3 Bxc3+ 6. bxc3 Nc6 7. cxd5 exd5 8. e3 Be6 9. Bd3 Qd7 10. Ne2 O-O 11. e4 dxe4 12. fxe4 Bg4 13. O-O Rae8 14. Qc2 Bxe2 15. Qxe2 Nd5 16. Bd2 Nde7 17. Rab1 b6 18. Rf3 Ng6 19. Rbf1 Rd8 20. Rh3 h6 21. Qh5 Nce7 22. Bxh6 gxh6 23. Qxh6 Qxh3 24. Qxh3 Kg7 25. e5 Nd5 26. Bxg6 fxg6 27. Rxf8 Kxf8 28. Qh8+ Ke7 29. Qg7+ Ke6 30. Qxg6+ Kd7 31. c4 Ne3 32. Qe4 1-0

[Event "CAN-op"]
[Site "Edmonton CAN"]
[Date "2009.07.11"]
[Round "1.36"]
[White "Moran-Venegas, Mario"]
[Black "Gentes, Kevin"]
[Result "0-1"]
[WhiteElo "1738"]
[BlackElo "2270"]
[PlyCount "42"]
[GameId "2160767910155704"]
[EventDate "2009.07.11"]
[EventType "swiss"]
[EventRounds "9"]
[EventCountry "CAN"]
[SourceTitle "EXT 2022"]
[Source "ChessBase"]
[SourceDate "2021.10.06"]
[SourceVersion "1"]
[SourceVersionDate "2021.10.06"]
[SourceQuality "1"]

1. e4 c5 2. Nf3 d6 3. d4 cxd4 4. Nxd4 Nf6 5. Nc3 a6 6. Be3 e6 7. f3 b5 8. Qd2 Bb7 9. g4 h6 10. h4 Nbd7 11. O-O-O b4 12. Na4 d5 13. exd5 Nxd5 14. Rh3 Qa5 15. b3 Nc5 16. Bc4 Nxa4 17. bxa4 Qxa4 18. Bxd5 Bxd5 19. Nb3 Qxa2 20. Bd4 Bxb3 21. cxb3 Rc8+ 0-1

[Event "CAN-op"]
[Site "Edmonton CAN"]
[Date "2009.07.11"]
[Round "1.37"]
[White "Li, Zhichao"]
[Black "Einarsson, Ken"]
[Result "1-0"]
[WhiteElo "2264"]
[BlackElo "1734"]
[PlyCount "85"]
[GameId "2160767910155705"]
[EventDate "2009.07.11"]
[EventType "swiss"]
[EventRounds "9"]
[EventCountry "CAN"]
[SourceTitle "EXT 2022"]
[Source "ChessBase"]
[SourceDate "2021.10.06"]
[SourceVersion "1"]
[SourceVersionDate "2021.10.06"]
[SourceQuality "1"]

1. c4 c5 2. Nf3 Nc6 3. Nc3 e5 4. g3 Nf6 5. Bg2 Be7 6. O-O O-O 7. Ne1 d6 8. Nc2 Be6 9. Ne3 Rb8 10. d3 Nd4 11. Nc2 d5 12. cxd5 Nxd5 13. Nxd4 cxd4 14. Nxd5 Bxd5 15. Bd2 Rc8 16. Qa4 Bxg2 17. Kxg2 Qb6 18. Rab1 Qc6+ 19. Qxc6 Rxc6 20. Rfc1 Rfc8 21. Rxc6 Rxc6 22. Rc1 Rxc1 23. Bxc1 f6 24. f4 Kf7 25. f5 g6 26. g4 Bd8 27. Kf3 Ke7 28. Ke4 Kd6 29. b3 gxf5+ 30. gxf5 a6 31. Ba3+ Kc6 32. Bf8 b6 33. a4 a5 34. h3 h5 35. Ba3 Kd7 36. Kd5 Bc7 37. Bf8 Bd8 38. Bd6 h4 39. Bf8 Bc7 40. Bh6 Bd6 41. Bd2 e4 42. Kxe4 Be5 43. Be1 1-0

[Event "CAN-op"]
[Site "Edmonton CAN"]
[Date "2009.07.11"]
[Round "1.38"]
[White "Haley, Phil"]
[Black "Kalisvaart, Peter"]
[Result "0-1"]
[WhiteElo "1716"]
[BlackElo "2255"]
[PlyCount "54"]
[GameId "2160767910155706"]
[EventDate "2009.07.11"]
[EventType "swiss"]
[EventRounds "9"]
[EventCountry "CAN"]
[SourceTitle "EXT 2022"]
[Source "ChessBase"]
[SourceDate "2021.10.06"]
[SourceVersion "1"]
[SourceVersionDate "2021.10.06"]
[SourceQuality "1"]

1. c4 Nc6 2. g3 e5 3. Nc3 g6 4. Bg2 Bg7 5. Nf3 Nge7 6. d3 O-O 7. O-O d6 8. Bd2 h6 9. Rb1 Be6 10. b3 Qd7 11. e3 g5 12. Ne1 Ng6 13. Ne2 f5 14. Bc3 f4 15. e4 g4 16. f3 h5 17. gxf4 Nxf4 18. Nxf4 exf4 19. Bxg7 Qxg7 20. Kh1 Nd4 21. Qd2 Qe5 22. Rg1 Rf7 23. Nc2 Nxc2 24. Qxc2 g3 25. Bf1 h4 26. Qb2 Qh5 27. Be2 Rg7 0-1

[Event "CAN-op"]
[Site "Edmonton CAN"]
[Date "2009.07.11"]
[Round "1.40"]
[White "Lefkowitz, Phil"]
[Black "Moffat, Andrei"]
[Result "0-1"]
[WhiteElo "1700"]
[BlackElo "2242"]
[PlyCount "70"]
[GameId "2160767910155707"]
[EventDate "2009.07.11"]
[EventType "swiss"]
[EventRounds "9"]
[EventCountry "CAN"]
[SourceTitle "EXT 2022"]
[Source "ChessBase"]
[SourceDate "2021.10.06"]
[SourceVersion "1"]
[SourceVersionDate "2021.10.06"]
[SourceQuality "1"]

1. d4 d5 2. c4 Nc6 3. Nc3 dxc4 4. d5 Ne5 5. Bf4 Ng6 6. Bg3 e5 7. Qa4+ Bd7 8. Qxc4 a6 9. a4 Nf6 10. Rd1 Bd6 11. e3 O-O 12. Nf3 Qe7 13. Be2 b5 14. axb5 axb5 15. Qb3 b4 16. Nb5 Rfb8 17. Nxd6 cxd6 18. Qc2 Rc8 19. Bc4 b3 20. Qe2 Ra4 21. Nd2 Rcxc4 22. Nxc4 Bb5 23. f3 Bxc4 24. Qd2 Nxd5 25. Kf2 f5 26. Rhe1 f4 27. Bxf4 exf4 28. exf4 Qa7+ 29. Kg3 Qf7 30. Re4 Nf6 31. Rd4 d5 32. h3 Nh5+ 33. Kg4 Nhxf4 34. Qe3 Ne2 35. Rxc4 Rxc4+ 0-1

[Event "CAN-op"]
[Site "Edmonton CAN"]
[Date "2009.07.11"]
[Round "1.42"]
[White "Ludwig, David"]
[Black "Moura, Eduardo"]
[Result "1/2-1/2"]
[WhiteElo "1680"]
[BlackElo "2091"]
[PlyCount "90"]
[GameId "2160767910155708"]
[EventDate "2009.07.11"]
[EventType "swiss"]
[EventRounds "9"]
[EventCountry "CAN"]
[SourceTitle "EXT 2022"]
[Source "ChessBase"]
[SourceDate "2021.10.06"]
[SourceVersion "1"]
[SourceVersionDate "2021.10.06"]
[SourceQuality "1"]

1. c4 e6 2. e4 d5 3. cxd5 exd5 4. exd5 Nf6 5. Nc3 Nxd5 6. Bc4 Nxc3 7. bxc3 Be7 8. Rb1 O-O 9. Nf3 b6 10. O-O Ba6 11. Bxa6 Nxa6 12. Re1 Bf6 13. Qe2 Nc5 14. d4 Nb7 15. Ba3 Re8 16. Qd2 Qd5 17. Rxe8+ Rxe8 18. Re1 Re6 19. Rxe6 fxe6 20. Qe2 Na5 21. Bc1 Nc4 22. h3 b5 23. Bf4 c6 24. Nd2 Nxd2 25. Qxd2 a5 26. Qe2 Kf7 27. Qc2 Qf5 28. Qxf5 exf5 29. Kf1 Ke6 30. Ke2 Kd5 31. Kd3 g6 32. f3 a4 33. Be3 Be7 34. Bf2 Bd6 35. Be3 Bg3 36. Bc1 Bd6 37. Be3 Ba3 38. Bd2 Bb2 39. Be3 Ba3 40. Bd2 c5 41. dxc5 Bxc5 42. Bf4 Bg1 43. Bd2 Kc5 44. Be1 Kd5 45. Bd2 Bc5 1/2-1/2

[Event "CAN-op"]
[Site "Edmonton CAN"]
[Date "2009.07.11"]
[Round "1.43"]
[White "Moloney, Nicholas"]
[Black "Achtemichuk, Chris"]
[Result "1-0"]
[WhiteElo "2230"]
[BlackElo "1676"]
[PlyCount "61"]
[GameId "2160767910155709"]
[EventDate "2009.07.11"]
[EventType "swiss"]
[EventRounds "9"]
[EventCountry "CAN"]
[SourceTitle "EXT 2022"]
[Source "ChessBase"]
[SourceDate "2021.10.06"]
[SourceVersion "1"]
[SourceVersionDate "2021.10.06"]
[SourceQuality "1"]

1. e4 e5 2. Nc3 Nc6 3. g3 Nf6 4. Bg2 d6 5. Nge2 Be7 6. d4 O-O 7. h3 Bd7 8. Be3 Rb8 9. d5 Na5 10. Bxa7 Ra8 11. Be3 Nc4 12. Bc1 b5 13. O-O Qc8 14. Kh2 Qa6 15. b3 Nb6 16. Be3 b4 17. Nb1 c5 18. c4 Ne8 19. a4 f5 20. Nd2 f4 21. gxf4 exf4 22. Nxf4 Bf6 23. Nh5 Be5+ 24. f4 Bxa1 25. Qxa1 Bc8 26. e5 dxe5 27. fxe5 Nd7 28. Rxf8+ Nxf8 29. Bxc5 Qg6 30. Ng3 Qg5 31. Bxb4 1-0

[Event "CAN-op"]
[Site "Edmonton CAN"]
[Date "2009.07.11"]
[Round "1.44"]
[White "Long, Hugh"]
[Black "Davies, Noam"]
[Result "0-1"]
[WhiteElo "1672"]
[BlackElo "2214"]
[PlyCount "88"]
[GameId "2160767910155710"]
[EventDate "2009.07.11"]
[EventType "swiss"]
[EventRounds "9"]
[EventCountry "CAN"]
[SourceTitle "EXT 2022"]
[Source "ChessBase"]
[SourceDate "2021.10.06"]
[SourceVersion "1"]
[SourceVersionDate "2021.10.06"]
[SourceQuality "1"]

1. d4 Nf6 2. c4 g6 3. Nc3 d5 4. e3 Bg7 5. Nf3 O-O 6. Bd3 c5 7. h3 Nc6 8. a3 Be6 9. cxd5 Nxd5 10. Nxd5 c4 11. Bxc4 Bxd5 12. Bxd5 Qxd5 13. O-O Rfd8 14. Re1 f5 15. Bd2 e5 16. dxe5 Nxe5 17. Bc3 Nxf3+ 18. Qxf3 Bxc3 19. bxc3 Rac8 20. Red1 Qxf3 21. Rxd8+ Rxd8 22. gxf3 Rd2 23. Rb1 b6 24. Rb4 Ra2 25. a4 Kf7 26. e4 Ke6 27. f4 fxe4 28. Rxe4+ Kd5 29. Re7 Rxa4 30. Rxh7 Ke4 31. Kg2 Ra3 32. Rg7 Kxf4 33. Rxg6 Rxc3 34. h4 Rc5 35. Rd6 Kg4 36. Rd4+ Kf5 37. f3 a5 38. Kg3 b5 39. Rg4 Kf6 40. Kf2 a4 41. Rb4 a3 42. Rb3 a2 43. Ra3 Rc2+ 44. Ke3 Rc3+ 0-1

[Event "CAN-op"]
[Site "Edmonton CAN"]
[Date "2009.07.11"]
[Round "1.47"]
[White "Doubleday, William"]
[Black "Marshall, Jim"]
[Result "1-0"]
[WhiteElo "2198"]
[BlackElo "1661"]
[PlyCount "81"]
[GameId "2160767910155712"]
[EventDate "2009.07.11"]
[EventType "swiss"]
[EventRounds "9"]
[EventCountry "CAN"]
[SourceTitle "EXT 2022"]
[Source "ChessBase"]
[SourceDate "2021.10.06"]
[SourceVersion "1"]
[SourceVersionDate "2021.10.06"]
[SourceQuality "1"]

1. d4 Nf6 2. c4 g6 3. Nc3 d5 4. cxd5 Nxd5 5. e4 Nxc3 6. bxc3 Bg7 7. Bc4 O-O 8. Ne2 Nd7 9. O-O Nb6 10. Bb3 Bd7 11. a4 Nc8 12. e5 c5 13. f4 cxd4 14. cxd4 e6 15. Ba3 Re8 16. d5 exd5 17. Bxd5 Be6 18. Bxe6 Qb6+ 19. Kh1 Qxe6 20. Nd4 Qa6 21. Nb5 Qa5 22. Bd6 Nxd6 23. Nxd6 Re7 24. Qb3 b6 25. Rad1 Rf8 26. Rd5 Qa6 27. Rfd1 Qe2 28. h3 Rc7 29. R5d2 Qa6 30. Nb5 Re7 31. Rd8 Qb7 32. R8d4 g5 33. Nd6 Qa8 34. Nf5 Rc7 35. Qg3 f6 36. e6 Kh8 37. e7 Re8 38. fxg5 Rcxe7 39. Nxe7 fxg5 40. Rd7 Bf6 41. Qd6 1-0

[Event "CAN-op"]
[Site "Edmonton CAN"]
[Date "2009.07.11"]
[Round "1.48"]
[White "Janzen, Tyler"]
[Black "Grumic, Sasha"]
[Result "0-1"]
[WhiteElo "1656"]
[BlackElo "2174"]
[PlyCount "90"]
[GameId "2160767910155713"]
[EventDate "2009.07.11"]
[EventType "swiss"]
[EventRounds "9"]
[EventCountry "CAN"]
[SourceTitle "EXT 2022"]
[Source "ChessBase"]
[SourceDate "2021.10.06"]
[SourceVersion "1"]
[SourceVersionDate "2021.10.06"]
[SourceQuality "1"]

1. d4 Nf6 2. c4 e5 3. d5 g6 4. Nc3 d6 5. e4 Bg7 6. Be2 O-O 7. Nf3 Na6 8. O-O Nc5 9. Qc2 a5 10. Bg5 h6 11. Be3 b6 12. a3 Nh5 13. b4 Nb7 14. Rfc1 Nf4 15. Nb5 Nxe2+ 16. Qxe2 Bg4 17. h3 Bxf3 18. Qxf3 f5 19. Rab1 f4 20. Bd2 h5 21. Kh1 axb4 22. axb4 Ra2 23. Be1 Qc8 24. Na3 Nd8 25. Qb3 Re2 26. Qf3 Ra2 27. Qb3 Re2 28. Qf3 Rxe1+ 29. Rxe1 Nf7 30. h4 Nh6 31. Qh3 Ng4 32. Kg1 Bh6 33. f3 Qd7 34. Ra1 Qa4 35. fxg4 f3 36. gxf3 Qb3 37. Rf1 Be3+ 38. Kh1 Bd4 39. Rab1 Qxa3 40. gxh5 Qe3 41. Qe6+ Kh8 42. Qxg6 Rg8 43. Qf6+ Kh7 44. Rg1 Rxg1+ 45. Rxg1 Qxg1# 0-1

[Event "CAN-op"]
[Site "Edmonton CAN"]
[Date "2009.07.11"]
[Round "1.49"]
[White "Kaptsan, Aron"]
[Black "Neumann, Ralph"]
[Result "1-0"]
[WhiteElo "2027"]
[BlackElo "1654"]
[PlyCount "70"]
[GameId "2160767910155714"]
[EventDate "2009.07.11"]
[EventType "swiss"]
[EventRounds "9"]
[EventCountry "CAN"]
[SourceTitle "EXT 2022"]
[Source "ChessBase"]
[SourceDate "2021.10.06"]
[SourceVersion "1"]
[SourceVersionDate "2021.10.06"]
[SourceQuality "1"]

1. d4 d5 2. c4 e6 3. Nc3 c6 4. e3 Bd6 5. Nf3 Ne7 6. Bd3 dxc4 7. Bxc4 O-O 8. O-O b6 9. e4 Ba6 10. Bxa6 Nxa6 11. Qa4 Qc8 12. Be3 b5 13. Qb3 Qb7 14. Rac1 Nc8 15. e5 Be7 16. Ne4 Nb6 17. Bg5 Nd5 18. Bxe7 Nxe7 19. Nd6 Qb6 20. a3 Nc7 21. Rfd1 Ncd5 22. Qc2 f5 23. Ng5 Nc7 24. Qb3 Ned5 25. Rc5 h6 26. Nf3 Na6 27. Rc2 Rad8 28. Nh4 Kh7 29. Qg3 g5 30. Nf3 Rd7 31. Nxg5+ hxg5 32. Qxg5 Rg7 33. Qh5+ Kg8 34. Qh6 Nac7 35. Rd3 Rh7 1-0

[Event "CAN-op"]
[Site "Edmonton CAN"]
[Date "2009.07.11"]
[Round "1.53"]
[White "Perron, Sean"]
[Black "Goodman, Clifford"]
[Result "1-0"]
[WhiteElo "2132"]
[BlackElo "1630"]
[PlyCount "49"]
[GameId "2160767910155717"]
[EventDate "2009.07.11"]
[EventType "swiss"]
[EventRounds "9"]
[EventCountry "CAN"]
[SourceTitle "EXT 2022"]
[Source "ChessBase"]
[SourceDate "2021.10.06"]
[SourceVersion "1"]
[SourceVersionDate "2021.10.06"]
[SourceQuality "1"]

1. e4 g6 2. d4 Bg7 3. Nc3 c6 4. Be3 d5 5. e5 h5 6. h3 Nh6 7. Nf3 e6 8. Qd2 Qa5 9. O-O-O b6 10. Kb1 Ba6 11. Bg5 Bxf1 12. Rhxf1 Nd7 13. Qf4 c5 14. Nxd5 exd5 15. e6 O-O 16. exd7 Nf5 17. d8=Q Raxd8 18. Bxd8 Rxd8 19. g4 hxg4 20. hxg4 Nxd4 21. Nxd4 cxd4 22. Rfe1 Rc8 23. Re7 f6 24. Qd6 Qc5 25. Qe6+ 1-0

[Event "CAN-op"]
[Site "Edmonton CAN"]
[Date "2009.07.11"]
[Round "1.54"]
[White "Santelices, Philip"]
[Black "Sali, Zulfikar"]
[Result "0-1"]
[WhiteElo "1629"]
[BlackElo "2126"]
[PlyCount "116"]
[GameId "2160767910155718"]
[EventDate "2009.07.11"]
[EventType "swiss"]
[EventRounds "9"]
[EventCountry "CAN"]
[SourceTitle "EXT 2022"]
[Source "ChessBase"]
[SourceDate "2021.10.06"]
[SourceVersion "1"]
[SourceVersionDate "2021.10.06"]
[SourceQuality "1"]

1. Nf3 Nf6 2. c4 g6 3. d4 Bg7 4. Nc3 O-O 5. e4 d6 6. h3 c5 7. dxc5 dxc5 8. Qxd8 Rxd8 9. e5 Nfd7 10. Nd5 Nc6 11. Nc7 Rb8 12. e6 Nde5 13. exf7+ Nxf7 14. Be2 Bf5 15. O-O Nd4 16. Nxd4 cxd4 17. g4 Bc2 18. Ne6 d3 19. Bd1 Bf6 20. Nxd8 Rxd8 21. Bxc2 dxc2 22. Kg2 Ne5 23. g5 Bg7 24. Re1 Rc8 25. f4 Nxc4 26. Rxe7 Bxb2 27. Bxb2 Nxb2 28. Rxb7 Nd3 29. Rxa7 c1=Q 30. Rxc1 Rxc1 31. a4 Nxf4+ 32. Kg3 Ne6 33. a5 Rc3+ 34. Kg4 Rc4+ 35. Kg3 Nxg5 36. h4 Ne4+ 37. Kf4 Nc5+ 38. Kg3 Ra4 39. Kh3 h5 40. Kg3 Kf8 41. Kh3 Ra3+ 42. Kg2 Kg8 43. Kh2 Ne6 44. Kg2 Nd4 45. a6 Nf5 46. Ra8+ Kh7 47. Ra7+ Kh6 48. Ra8 Nxh4+ 49. Kf2 Kg5 50. Ke2 Kg4 51. Kd2 Nf5 52. Kc1 g5 53. Kb2 Ra5 54. Kb3 h4 55. Kb4 Ra1 56. Kb5 h3 57. Rc8 h2 58. Rc4+ Kh3 0-1

[Event "CAN-op"]
[Site "Edmonton CAN"]
[Date "2009.07.11"]
[Round "1.55"]
[White "Me, Kevin"]
[Black "Thompson, Peter"]
[Result "1-0"]
[WhiteElo "2124"]
[BlackElo "1793"]
[PlyCount "65"]
[GameId "2160767910155719"]
[EventDate "2009.07.11"]
[EventType "swiss"]
[EventRounds "9"]
[EventCountry "CAN"]
[SourceTitle "EXT 2022"]
[Source "ChessBase"]
[SourceDate "2021.10.06"]
[SourceVersion "1"]
[SourceVersionDate "2021.10.06"]
[SourceQuality "1"]

1. e4 c6 2. d4 d5 3. Nc3 dxe4 4. Nxe4 Bf5 5. Ng3 Bg6 6. h4 h6 7. Nf3 Nf6 8. Ne5 Bh7 9. Bc4 e6 10. Qe2 Qc7 11. Bf4 Bd6 12. Nxf7 Qxf7 13. Bxd6 Nd5 14. O-O Kd8 15. Rfe1 Re8 16. Ne4 Nd7 17. Bg3 Bxe4 18. Qxe4 N7f6 19. Qe5 Re7 20. c3 Ke8 21. Qe2 Rd8 22. Bd3 Nh5 23. Qg4 Ndf4 24. Be4 Kf8 25. Re3 Kg8 26. Rae1 Nd5 27. Bg6 Qf8 28. Qxh5 Nxe3 29. Rxe3 Rd5 30. Be5 c5 31. Rf3 Qd8 32. Bf7+ Rxf7 33. Qxf7+ 1-0

[Event "CAN-op"]
[Site "Edmonton CAN"]
[Date "2009.07.11"]
[Round "1.56"]
[White "Danner, Jason"]
[Black "Daswani, Benedict"]
[Result "0-1"]
[WhiteElo "1626"]
[BlackElo "2115"]
[PlyCount "68"]
[GameId "2160767910155720"]
[EventDate "2009.07.11"]
[EventType "swiss"]
[EventRounds "9"]
[EventCountry "CAN"]
[SourceTitle "EXT 2022"]
[Source "ChessBase"]
[SourceDate "2021.10.06"]
[SourceVersion "1"]
[SourceVersionDate "2021.10.06"]
[SourceQuality "1"]

1. e4 g6 2. Nf3 d6 3. d4 Nf6 4. Nc3 Bg7 5. Bc4 O-O 6. O-O Bg4 7. h3 Bxf3 8. Qxf3 Nc6 9. Be3 a6 10. Ne2 Nd7 11. c3 Nde5 12. dxe5 Nxe5 13. Bxf7+ Rxf7 14. Qg3 c5 15. Rad1 Qa5 16. a3 Qb5 17. Nf4 Qxb2 18. Rb1 Qxc3 19. Rxb7 Qxa3 20. Nd5 Nc6 21. Qg4 Kh8 22. Rfb1 Raf8 23. Qd7 Ne5 24. Qe6 Qd3 25. f3 Nxf3+ 26. gxf3 Rxf3 27. Rb8 Rf1+ 28. Rxf1 Qxf1+ 29. Kh2 Qe2+ 30. Kg3 Qf3+ 31. Kh4 Qh5+ 32. Kg3 Be5+ 33. Bf4 Bxf4+ 34. Nxf4 Qg5+ 0-1

[Event "CAN-op"]
[Site "Edmonton CAN"]
[Date "2009.07.11"]
[Round "1.57"]
[White "Sequillion, Aaron"]
[Black "McKay, Tom"]
[Result "0-1"]
[WhiteElo "2108"]
[BlackElo "1614"]
[PlyCount "88"]
[GameId "2160767910155721"]
[EventDate "2009.07.11"]
[EventType "swiss"]
[EventRounds "9"]
[EventCountry "CAN"]
[SourceTitle "EXT 2022"]
[Source "ChessBase"]
[SourceDate "2021.10.06"]
[SourceVersion "1"]
[SourceVersionDate "2021.10.06"]
[SourceQuality "1"]

1. e4 e5 2. Nf3 Nc6 3. Bb5 a6 4. Ba4 Nf6 5. O-O d6 6. Re1 b5 7. Bb3 Be7 8. c3 O-O 9. h3 Na5 10. Bc2 c5 11. d4 Nc6 12. d5 Nb8 13. Nbd2 Nbd7 14. Nf1 Re8 15. g4 Nf8 16. Ng3 g6 17. Bh6 Qc7 18. Qd2 Kh8 19. Kh1 Ng8 20. Rg1 Qd8 21. Rg2 a5 22. Rag1 b4 23. Nh5 Nf6 24. Bg7+ Kg8 25. Qh6 Nxh5 26. gxh5 Ra7 27. hxg6 fxg6 28. h4 Bf6 29. Bxf6 Qxf6 30. Bd1 Qg7 31. Qg5 Qe7 32. Qg3 Kh8 33. h5 Qf6 34. Nh4 Rg7 35. hxg6 Nxg6 36. Bh5 Reg8 37. Bxg6 hxg6 38. Rh2 Rh7 39. Nxg6+ Rxg6 40. Qxg6 Qf3+ 41. Qg2 Rxh2+ 42. Kxh2 Qh5+ 43. Kg3 Qg4+ 44. Kh2 Qh4+ 0-1

[Event "CAN-op"]
[Site "Edmonton CAN"]
[Date "2009.07.11"]
[Round "1.58"]
[White "Amundson, Kristofor"]
[Black "Monaghan, Jim"]
[Result "0-1"]
[WhiteElo "1601"]
[BlackElo "2090"]
[PlyCount "82"]
[GameId "2160767910155722"]
[EventDate "2009.07.11"]
[EventType "swiss"]
[EventRounds "9"]
[EventCountry "CAN"]
[SourceTitle "EXT 2022"]
[Source "ChessBase"]
[SourceDate "2021.10.06"]
[SourceVersion "1"]
[SourceVersionDate "2021.10.06"]
[SourceQuality "1"]

1. d4 Nf6 2. Nf3 g6 3. c4 Bg7 4. Nc3 O-O 5. e3 d6 6. Bd3 Nbd7 7. O-O Re8 8. Bc2 e5 9. Re1 c6 10. b3 e4 11. Ng5 d5 12. cxd5 cxd5 13. Nh3 Nf8 14. Nf4 Bg4 15. Nfe2 h5 16. h3 Bf5 17. Ng3 Be6 18. Ba3 Qa5 19. Na4 Rac8 20. Rc1 b5 21. b4 Qa6 22. Qe2 Rc4 23. Bb3 bxa4 24. Bxc4 dxc4 25. Qc2 Bd5 26. Ne2 Ne6 27. Nc3 Bc6 28. Rb1 Bb5 29. Nxe4 Nxe4 30. Qxe4 Nxd4 31. Qxe8+ Bxe8 32. exd4 Bb5 33. Bb2 a3 34. Bc3 Qd6 35. Rbd1 Qd5 36. Re3 Bc6 37. Rf3 Qe4 38. Re1 Qxe1+ 39. Bxe1 Bxf3 40. gxf3 Bxd4 41. Bd2 Bb2 0-1